000 00212 a2200097 4500
001 30885
100 _aPatai
245 _aThe Arab Mind
260 _aNew York
_bCharles Serisner's Sosn
_c
090 _c20780
_d20780
942 _aNUST-CAE
_cM
_c11981
999 _c265958
_d265958